[Event "chT-POL"]
[Site "Zakopane chT"]
[Date "2000.09.10"]
[Round "8"]
[White "Macieja,B"]
[Black "Jakubiec,A"]
[Result "1/2-1/2"]
[WhiteElo "2536"]
[BlackElo "2488"]

1.e4 c5 2.Nc3 Nc6 3.Nf3 e5 4.Bc4 Be7 5.d3 d6 6.Nd2 Nf6 7.Nf1 Bg4 8.f3 Be6
9.Ne3 a6 10.a3 b5 11.Ba2 Bxa2 12.Rxa2 O-O 13.O-O Ne8 14.Ncd5 Bg5 15.b4 Nc7
16.Nxc7 Qxc7 17.Nd5 Qd8 18.Bxg5 Qxg5 19.Qc1 Qd8 20.Qe3 Nd4 21.c3 Ne6 22.a4 cxb4
23.Nxb4 Rc8 24.Nd5 Nc7 25.Nb6 Rb8 26.a5 f5 27.exf5 Rxf5 28.d4 Qe7 29.Rd2 Re8
30.Re1 Qf7 31.Rde2 Ne6 32.Nd5 exd4 33.Qxd4 Nxd4 34.Rxe8+ Qxe8 35.Rxe8+ Kf7
36.Re7+ Kf8 37.cxd4 Rxd5 38.Ra7 Rxd4 39.Rxa6 Ra4 40.Rxd6 Rxa5 41.Rb6 Ra1+
42.Kf2 Rb1 43.Kg3 Kf7 44.h4 Rb2 45.h5 h6 46.f4 b4 47.Kf3 b3 48.g4 Rb1 49.Ke4 b2
50.Kf5 Ra1 51.Rb7+ Kg8 52.Rxb2 Ra5+ 53.Ke4 Ra4+ 54.Kf3 Ra3+ 55.Kg2 Kf7 56.Re2 Rb3
57.Kf2 Ra3 58.Re3 Ra4 59.Kf3 Kf8 60.Rd3 Ke7 61.Ke3 Ke6 62.Rc3 Ra6 63.Rc4 Kf6
64.Kf3 Rb6 65.Kg3 Rb3+ 66.Kh4 Kf7 67.Rc7+ Kg8 68.Rc8+ Kf7 69.g5 hxg5+ 70.fxg5 Rb4+
71.Kg3 Rb3+ 72.Kf4 Rb4+ 73.Kf3 Rb5 74.Rc7+ Kg8 75.g6 Rb8 76.Ke4  1/2-1/2

[Event "zt 1.1"]
[Site "Mondariz ESP"]
[Date "2000.09.11"]
[Round "8"]
[White "David,Alb"]
[Black "Fernando,D"]
[Result "1/2-1/2"]
[WhiteElo "2487"]
[BlackElo "2257"]

1.e4 c5 2.Nc3 Nc6 3.Nf3 d6 4.d4 cxd4 5.Nxd4 Nf6 6.Bg5 e6 7.Qd2 a6 8.O-O-O Nxd4
9.Qxd4 Be7 10.f4 b5 11.Bxf6 gxf6 12.e5 d5 13.Kb1 Rg8 14.Qd3 f5 15.Qh3 Rg7
16.Rd3 Bf8 17.Be2 b4 18.Nd1 Bd7 19.Bf3 Bb5 20.Rd2 Qa5 21.b3 Qb6 22.g4 fxg4
23.Bxg4 O-O-O 24.f5 exf5 25.Bxf5+ Kb8 26.Ne3 Be7 27.Rhd1 d4 28.Ng4 Bg5 29.Rg2 Bc6
30.Re2 h5 31.Nf6 Be3 32.Bd7 Qb5 33.Rxe3 dxe3 34.Qxe3 Rxd7 35.Nxd7+ Bxd7 36.Qd4 Be6
37.Qd6+ Ka7 38.Qe7+ Qb7 39.Qc5+ Qb6 40.Qe7+ Qb7  1/2-1/2

[Event "zt 1.1"]
[Site "Mondariz ESP"]
[Date "2000.09.12"]
[Round "9"]
[White "Fressinet,L"]
[Black "Fernando,D"]
[Result "1-0"]
[WhiteElo "2536"]
[BlackElo "2257"]

1.e4 c5 2.Nc3 Nc6 3.Nf3 d6 4.d4 cxd4 5.Nxd4 Nf6 6.Bg5 e6 7.Qd2 a6 8.O-O-O Nxd4
9.Qxd4 Be7 10.f4 b5 11.h4 Bb7 12.Rh3 Rc8 13.Bxf6 gxf6 14.a4 bxa4 15.Bxa6 Bxa6
16.Qxa4+ Qd7 17.Qxa6 O-O 18.Qe2 Qb7 19.Rdd3 Kh8 20.Rhg3 Qb4 21.f5 Rb8 22.Nd1 d5
23.fxe6 Bd6 24.Rg4 Ra8 25.c3 Ra1+ 26.Kd2 Qb8 27.exf7 Rxf7 28.Rxd5 Bf8 29.Qc4 Bh6+
30.Ke2 Rb7 31.Qd4 Rxb2+ 32.Kf3  1-0

[Event "World Seniors"]
[Site "Rowy POL"]
[Date "2000.09.12"]
[Round "2"]
[White "Gurgenidze,B"]
[Black "Szczepaniec,S"]
[Result "1-0"]
[WhiteElo "2278"]
[BlackElo "2126"]

1.e4 c5 2.Nc3 Nc6 3.Bb5 g6 4.Bxc6 bxc6 5.d4 Bg7 6.Nge2 cxd4 7.Nxd4 Ba6 8.Be3 Nf6
9.e5 Nd5 10.Nxd5 cxd5 11.Nf3 Qc7 12.Qxd5 Bb7 13.Qd1 O-O 14.c3 Bxf3 15.Qxf3 Bxe5
16.Rd1 Rab8 17.Bc1 Rb6 18.h3 Rf6 19.Qg4 Re6 20.O-O Bd6 21.Be3 f5 22.Qf3 Rb8
23.Rd2 Qb7 24.Qxb7 Rxb7 25.Rfd1 Kf7 26.b3 Rc7 27.c4 f4 28.Bd4 Bb4 29.Rc2 d6
30.Kf1 g5 31.Bc3 a5 32.a3 Bxc3 33.Rxc3 Re5 34.g3 Rec5 35.gxf4 gxf4 36.Rf3 e5
37.Rxd6 a4 38.Rd5 axb3 39.Rxb3 Ke6 40.Rxc5 Rxc5 41.Rb4 e4 42.a4 Kd6 43.Ke2 Kc6
44.Kd2 Rh5 45.Rb3 e3+ 46.fxe3 Rxh3 47.Rd3 Rh2+ 48.Kc3 fxe3 49.Rxe3 Ra2 50.Kb3 Ra1
51.Re6+ Kc5 52.Re5+ Kc6 53.Rh5 Rb1+ 54.Kc3 Rb7 55.a5 Ra7 56.Kb4 Rb7+ 57.Ka4 Re7
58.Rf5 Rg7 59.Kb4 Rb7+ 60.Kc3 Rd7 61.Kb3 Rd3+ 62.Kc2 Rd7 63.Kc3 Rg7 64.Rf8 Kb7
65.Rf6 Ka7 66.Kb4 Kb7 67.Kb5 Ka7 68.c5 Rb7+ 69.Kc6 Ka6 70.Rf8 Ra7 71.Kd6 Rg7
72.Ke6 Rg6+ 73.Kd7 Rg7+ 74.Kd8  1-0

[Event "chT-POL"]
[Site "Zakopane chT"]
[Date "2000.09.12"]
[Round "10"]
[White "Murawski,G"]
[Black "Krogulski,G"]
[Result "1-0"]
[WhiteElo "2311"]
[BlackElo "2252"]

1.e4 c5 2.Nf3 Nc6 3.Nc3 d6 4.d4 cxd4 5.Nxd4 Nf6 6.Be2 g6 7.O-O Bg7 8.Be3 O-O
9.h3 Bd7 10.f4 Rc8 11.Nxc6 Bxc6 12.Bd4 Qa5 13.Qd3 Rfd8 14.f5 Nd7 15.fxg6 hxg6
16.Bg4 Rc7 17.Bxd7 Rdxd7 18.Bxg7 Kxg7 19.Qf3 f6 20.Rad1 Qe5 21.Qg4 Rd8 22.Nd5 Bxd5
23.Rxd5 Qxb2 24.h4 Rxc2 25.h5 Rc1 26.Qxg6+ Kf8 27.Qh6+  1-0

[Event "chT-POL"]
[Site "Zakopane chT"]
[Date "2000.09.13"]
[Round "11"]
[White "Bednarska,M"]
[Black "Radziewicz,I"]
[Result "0-1"]
[WhiteElo "2236"]
[BlackElo "2379"]

1.e4 c5 2.Nf3 Nc6 3.Nc3 g6 4.d4 cxd4 5.Nxd4 Bg7 6.Be3 Nf6 7.Bc4 O-O 8.Bb3 Qc7
9.f3 a6 10.Qd2 b5 11.O-O-O Bb7 12.h4 Rac8 13.Kb1 Na5 14.h5 Nxb3 15.axb3 b4
16.Na4 e5 17.Nf5 gxf5 18.h6 Bh8 19.exf5 Ne4 20.Qd3 d5 21.fxe4 dxe4 22.Qe2 Bf6
23.Rd2 Qe7 24.Rhd1 Rfd8 25.Nb6 Rxd2 26.Rxd2 Rd8 27.Qd1 Rd4 28.c3 bxc3 29.bxc3 Rd3
30.Rxd3 exd3 31.Qxd3 Qa3 32.Qc2 Qa5 33.Na4 e4  0-1

[Event "zt 1.1"]
[Site "Mondariz ESP"]
[Date "2000.09.14"]
[Round "11"]
[White "Plaskett,J"]
[Black "Norris,A"]
[Result "1/2-1/2"]
[WhiteElo "2525"]
[BlackElo "2299"]

1.e4 c5 2.Nc3 Nc6 3.Bb5 g6 4.Bxc6 bxc6 5.f4 Bg7 6.Nf3 Nh6 7.O-O f5 8.d3 O-O
9.e5 d6 10.Qe2 Qb6 11.Na4 Qc7 12.c4 Nf7 13.Re1 Nd8 14.Bd2 Ne6 15.Qf2 Bd7
16.Re2 Rae8 17.Rae1 Qc8 18.Qg3 Qa6 19.b3 Nd4 20.Nxd4 cxd4 21.c5 dxe5 22.fxe5 Be6
23.Rf1 Rd8 24.Rf4 Rd5 25.Rh4 Rf7 26.Bf4 Qa5 27.Bh6 Bh8 28.Bf4 Bg7 29.Rh3 Bh8
30.Qh4 Qc7 31.Qe1 Bg7 32.Rg3 Rf8 33.h4 Kf7 34.h5 Rg8 35.b4 Bh8 36.Rg5 Qb8
37.Nb2 Bg7 38.Qh4 Bxe5 39.Rxe5 Rxe5 40.a3 Bb3 41.Bg3 a5 42.Qxd4 Rd5 43.Qe3 Qb5
44.Be1 axb4 45.axb4 Ra8 46.hxg6+ hxg6 47.Rxg6 Rxc5 48.bxc5 Kxg6 49.Qxe7 Ra1
50.Kf2 Rc1 51.Qd6+ Kf7 52.Qd7+ Kg6 53.Qd6+ Kf7 54.Qd7+ Kg6 55.Qd6+  1/2-1/2

[Event "Banc Post Int"]
[Site "Miercurea Ciuc ROM"]
[Date "2000.09.17"]
[Round "2"]
[White "Tikhomirov,S"]
[Black "Nanu,C"]
[Result "1/2-1/2"]
[WhiteElo "2238"]
[BlackElo "2342"]

1.e4 c5 2.Nc3 Nc6 3.Bb5 Nd4 4.Bc4 e6 5.Nf3 a6 6.Nxd4 cxd4 7.Ne2 b5 8.Bd3 Bc5
9.O-O Ne7 10.c3 Nc6 11.a4 b4 12.Qb3 Rb8 13.Qc4 Qb6 14.cxd4 Nxd4 15.a5 Qa7
16.Nxd4 Bxd4 17.Ra4 Bc5 18.b3 d6 19.Bb2 e5 20.Qc2 Be6 21.Bc4 O-O 22.d3 Kh8
23.Kh1 Bd7 24.Raa1 f5 25.Rad1 fxe4 26.dxe4 Rf6 27.Qd3 Bc6 28.f3 Bb7 29.Bc1 h6
30.Rfe1 Bc6 31.Bxa6 Ra8 32.Bc4 Qxa5 33.Be3 Qb6 34.Re2 Ra3 35.h3 Rg6 36.Bxc5 Qxc5
37.Bf7 Rf6 38.Rc2 Qb6 39.Qc4 Bd7 40.Bd5 Ra7 41.Qe2 Rf8 42.Qf2 Qb8 43.Bc4 Rd8
44.Rcd2 Be8 45.Kh2 Bf7 46.Bxf7 Rxf7 47.Rd5 Rfd7 48.R1d3 Kg8 49.Qd2 Kh8 50.Rxe5 dxe5
51.Rxd7 Rxd7 52.Qxd7 Qf8 53.h4 Qc5 54.Kh3 Qc3 55.Qe6 Kh7 56.Kg4 Qd2 57.g3 Qc3
58.Qf7 Qd3 59.h5 Qc3 60.f4 exf4 61.gxf4 Qd2 62.Kf5 Qc3 63.Qe6 Qc5+ 64.Qd5 Qe3
65.Ke5 Kh8 66.f5 Qf3 67.Qc4 Qxh5 68.Qxb4 Qg5 69.Qf8+ Kh7 70.Qf7 Qg3+ 71.Kd4 Qd6+
72.Qd5 Qb4+ 73.Kd3 Qe1 74.Qe6 Qg3+ 75.Kc4 h5 76.Qf7 Qg4 77.Kd5 h4 78.f6 Qg6
79.Qxg6+ Kxg6 80.e5 h3 81.Ke6  1/2-1/2

[Event "4NCL"]
[Site "Birmingham ENG"]
[Date "2000.09.24"]
[Round "2"]
[White "Jones,G"]
[Black "Webb,Ri"]
[Result "0-1"]
[WhiteElo "2168"]
[BlackElo "2353"]

1.e4 c5 2.Nc3 Nc6 3.Bb5 Nd4 4.Bc4 g6 5.Nce2 Nc6 6.f4 Bg7 7.Nf3 e6 8.O-O d5
9.exd5 exd5 10.Bb5 Ne7 11.d4 cxd4 12.Nexd4 O-O 13.Be3 Bg4 14.Qd2 Bxf3 15.Rxf3 Nxd4
16.Bxd4 Bxd4+ 17.Qxd4 Nf5 18.Qf2 d4 19.Bd3 Qd5 20.Bxf5 Qxf5 21.Rd1 Rac8 22.Rfd3 Rfe8
23.R1d2 Rxc2 24.Rxd4 Rxd2 25.Qxd2 Qb1+ 26.Kf2 Qxa2 27.f5 Qb1 28.Rd3 Qa2 29.Rd8 Qa4
30.f6 h5 31.g4 Rxd8 32.Qxd8+ Kh7 33.gxh5 Qf4+ 34.Kg2 Qg4+ 35.Kf1 Qf4+ 36.Kg2 Qe4+
37.Kf2 gxh5 38.Qe7 Qd5 39.b4 Kg6 40.Ke3 Kf5 41.h3 a6 42.h4 Kg4 43.Qc7 Qb3+
44.Ke2 Qf3+ 45.Kd2 Qf4+  0-1

[Event "V ECC Women"]
[Site "Halle GER"]
[Date "2000.09.24"]
[Round "1"]
[White "Kovalevskaya,E"]
[Black "Cmilyte,V"]
[Result "1-0"]
[WhiteElo "2475"]
[BlackElo "2335"]

1.e4 c5 2.Nc3 Nc6 3.Bb5 Nd4 4.Bc4 e6 5.Nf3 Ne7 6.Nxd4 cxd4 7.Ne2 Nc6 8.O-O Bc5
9.d3 a6 10.Bb3 b5 11.f4 g6 12.f5 Bb7 13.Nf4 Na5 14.Qg4 Nxb3 15.axb3 Qc7 16.Qh4 Be7
17.f6 Bd6 18.Nxg6 Rg8 19.Ne7 Bxe7 20.fxe7 Qe5 21.Qxh7 Qg7 22.Qxg7 Rxg7 23.Bf4 Kxe7
24.Be5 Rg6 25.Bxd4 f5 26.Rae1 fxe4 27.dxe4 Rg4 28.Bf6+ Ke8 29.Be5 Ke7 30.Rf4 Rag8
31.g3 d6 32.Bf6+ Kd7 33.Rxg4 Rxg4 34.e5 Rd4 35.Kf2 Rd2+ 36.Re2 Rxe2+ 37.Kxe2 Be4
38.c3 Bc2 39.b4 dxe5 40.Bxe5 Ke7 41.Ke3 Kf7 42.Kf4 Kg6 43.g4 Bd1 44.h4 Kh6
45.h5 Bb3 46.Bf6 Bd1 47.Kg3 Kh7 48.Kh4 Kh6 49.g5+ Kh7 50.Be5 Bc2 51.g6+  1-0

[Event "V ECC Women"]
[Site "Halle GER"]
[Date "2000.09.27"]
[Round "4"]
[White "Kovalevskaya,E"]
[Black "Hunt,H"]
[Result "1-0"]
[WhiteElo "2475"]
[BlackElo "2454"]

1.e4 c5 2.Nc3 Nc6 3.Bb5 Nd4 4.Bc4 e6 5.Nf3 g6 6.Nxd4 cxd4 7.Nb5 Qb6 8.c3 dxc3
9.dxc3 a6 10.Nd4 Bg7 11.O-O Ne7 12.Be3 Qc7 13.Bb3 O-O 14.Qd2 b6 15.Bh6 Bb7
16.Rfe1 Nc6 17.Bxg7 Kxg7 18.Rad1 Rad8 19.Re3 Qe5 20.Nf3 Qc5 21.Qd6 Na5 22.Ne5 f6
23.Qxc5 bxc5 24.Rxd7+ Rxd7 25.Nxd7 Rd8 26.Nxc5 Rd2 27.h3 Rxb2 28.Nxe6+ Kf7
29.Nc5+ Ke7 30.Bg8 h5 31.Nd3 Rd2 32.Nf4 Kf8 33.Bb3 Kg7 34.h4 Kh6 35.e5 Nxb3
36.axb3 g5 37.hxg5+ fxg5 38.Nd3 h4 39.e6 Bc6 40.e7 Be8 41.Nc5 a5 42.c4 g4
43.Ne4 Rd1+ 44.Kh2 Kg6 45.c5  1-0

[Event "V ECC Women"]
[Site "Halle GER"]
[Date "2000.09.30"]
[Round "7"]
[White "Kovalevskaya,E"]
[Black "Madl,I"]
[Result "1/2-1/2"]
[WhiteElo "2475"]
[BlackElo "2418"]

1.e4 c5 2.Nc3 Nc6 3.Bb5 Nd4 4.Bc4 g6 5.Nf3 Bg7 6.Nxd4 cxd4 7.Qf3 Nf6 8.Nb5 O-O
9.Nxd4 Qa5 10.c3 e6 11.O-O Nxe4 12.Qxe4 d5 13.Bxd5 Qxd5 14.Qxd5 exd5 15.Nf3 a5
16.d4 Bf5 17.Be3 a4 18.Nd2 Rfc8 19.Rfc1 Bd3 20.Nf3 f6 21.Ne1 Bf5 22.h3 h5
23.Nc2 Bf8 24.Bd2 Ra6 25.Ne3 Be6 26.b3 f5 27.g3 Rca8 28.bxa4 Rxa4 29.Rc2 Bd6
30.Ng2 Bc7 31.Rb2 b6 32.Bf4 Bd8 33.Bd6 Rc4 34.Bb4 Rc6 35.Re2 Bg5 36.Kh2 Bf7
37.Ne1 Re6 38.Rxe6 Bxe6 39.Nf3 Bf6 40.h4 Bd7 41.a3 Ba4 42.Re1 Re8 43.Rxe8+ Bxe8
44.Ne1 Bd8 45.Nd3 Bc7 46.f4 Kf7 47.Kg2 Bb5 48.Ne1 Ke6 49.Kf3 Bd8 50.Ke3 Bf6
51.Nf3 Ba4 52.Bf8 Be8 53.Ne5 Bxe5 54.dxe5 b5 55.Kd4 Bd7 56.Kc5  1/2-1/2

[Event "It"]
[Site "Medellin COL"]
[Date "2000.10.03"]
[Round "8"]
[White "Ostos,J"]
[Black "Rios,M"]
[Result "1/2-1/2"]
[WhiteElo "2344"]
[BlackElo "2328"]

1.e4 c5 2.Nf3 Nc6 3.Nc3 g6 4.Bb5 Bg7 5.O-O Nd4 6.Nxd4 cxd4 7.Ne2 a6 8.Bc4 Nf6
9.d3 d5 10.exd5 Nxd5 11.Nf4 Nb6 12.Bb3 O-O 13.Qf3 a5 14.a4 e5 15.Nd5 Nxd5
16.Qxd5 Qb6 17.Qb5 Qxb5 18.axb5 Re8 19.Bd2 b6 20.Bd5 Rb8 21.Bc6 Rd8 22.b4 axb4
23.Bxb4 Bf6 24.Ra7 Be6 25.Rfa1 h5 26.Rc7 Bg7 27.Raa7 Bf8 28.Bxf8 Kxf8 29.Re7 Kg8
30.h4 Kf8 31.Kh2 Rd6 32.Kg3 Rc8 33.f4 exf4+ 34.Kxf4 Rdxc6 35.bxc6 Rxc6 36.Rec7 Rd6
37.Rab7 Kg7 38.Kg3 Kf6 39.Rb8 Bd5 40.Rcc8 Ke5 41.Rd8 Rc6 42.Rbc8 Rc5 43.Rxc5 bxc5
44.Rc8 Kd6 45.Kf2 Be6 46.Ra8 c4 47.Ra4 Kc5 48.g3 Kb5 49.Ra8 Kb4 50.dxc4 Bxc4
51.Rd8 Kc3 52.Rc8 d3 53.cxd3 Kxd3 54.Re8 Bd5 55.Re7 Kd4 56.Ke2 Be6 57.Kf3 Ke5
58.Ra7 Bd5+ 59.Ke3 Be6 60.Ra5+ Kf6 61.Kf4 Kg7 62.Ke5 Bc8 63.Ra4 Bd7 64.Rf4 Bc8
65.Kd6 Be6 66.Ke7 Bb3 67.g4 hxg4 68.Rxg4 Be6 69.Rg5 Bc4 70.h5 Bb3 71.Rg3 Bc4
72.Rg4 Bb3 73.Rh4 gxh5 74.Rxh5 Bc2 75.Rg5+ Bg6 76.Rg2 Kg8 77.Kf6 Kh7 78.Re2 Kg8  1/2-1/2

[Event "EuYCh B14"]
[Site "Halkidiki GRE"]
[Date "2000.10.05"]
[Round "4"]
[White "Gashimov,V"]
[Black "Zavgorodniy,S"]
[Result "1-0"]
[WhiteElo "2407"]
[BlackElo "2225"]

1.e4 c5 2.Nf3 Nc6 3.Nc3 g6 4.d4 cxd4 5.Nxd4 Bg7 6.Nb3 Nf6 7.Be2 O-O 8.O-O d6
9.Re1 Be6 10.Bf1 a5 11.a4 Rc8 12.g3 Nb4 13.Nd4 Bd7 14.h3 Re8 15.Bg2 Bc6 16.Re2 Nd7
17.Ndb5 Nc5 18.Be3 Nba6 19.Bd4 Nc7 20.Bxc5 Bxb5 21.axb5 Bxc3 22.bxc3 Nxb5
23.Bd4 Nxc3 24.Bxc3 Rxc3 25.e5 dxe5 26.Qxd8 Rxd8 27.Rxa5 Rdc8 28.Raxe5 Rxc2
29.Rxc2 Rxc2 30.Rxe7  1-0

[Event "Abihome Open"]
[Site "Brussels BEL"]
[Date "2000.10.07"]
[Round "3"]
[White "Fressinet,L"]
[Black "Bekker Jensen,S"]
[Result "1/2-1/2"]
[WhiteElo "2536"]
[BlackElo "2388"]

1.e4 c5 2.Nc3 Nc6 3.Nf3 e5 4.Bc4 Be7 5.d3 d6 6.Nd2 Nf6 7.Nf1 Bg4 8.f3 Be6
9.Ne3 O-O 10.O-O Ne8 11.Ned5 Bg5 12.f4 exf4 13.Bxf4 Ne5 14.Qd2 Bxf4 15.Qxf4 Nc7
16.Bb3 Nxd5 17.Bxd5 Ng6 18.Qg3 Qd7 19.Rf2 Ne7 20.Bb3 b5 21.Raf1 Rae8 22.Bxe6 fxe6
23.e5 d5 24.Rxf8+ Rxf8 25.Rxf8+ Kxf8 26.Qf2+ Kg8 27.Qxc5 a6 28.Ne2 Ng6 29.d4 h5
30.Qc3 Qe7 31.Qd2 Qh4 32.h3 Qe4 33.Ng3 Qh4 34.Qf2 Nf4 35.Nf1 Qg5 36.Nh2 h4
37.c3 Nh5 38.Nf1 Nf4 39.Nd2 Nh5 40.Nf1 Nf4 41.Qf3  1/2-1/2

[Event "EuYCh G18"]
[Site "Halkidiki GRE"]
[Date "2000.10.08"]
[Round "7"]
[White "Sudakova,I"]
[Black "Charkhalashvili,I"]
[Result "0-1"]
[WhiteElo "2212"]
[BlackElo "2233"]

1.e4 c5 2.Nc3 Nc6 3.Nge2 g6 4.d4 cxd4 5.Nxd4 Bg7 6.Be3 d6 7.Qd2 Nf6 8.f3 O-O
9.Bc4 Bd7 10.Bb3 a6 11.O-O-O Na5 12.Kb1 b5 13.Bg5 Nxb3 14.cxb3 b4 15.Nd5 Nxd5
16.exd5 a5 17.Bh6 Bxh6 18.Qxh6 a4 19.bxa4 Bxa4 20.b3 Bd7 21.Qd2 Qb6 22.g4 Ra5
23.Nc2 Rfa8 24.Qxb4 Qd8 25.a3 Rb8 26.Qc3 Ba4 27.Nb4 Bd7 28.Kb2 Rba8 29.Ra1 Qb6
30.Rhd1 e5 31.Rd2 f5 32.h3 Rc8 33.Qd3 Bb5 34.Qb1 Qe3 35.Rc2 Qd4+ 36.Kc1 Rxc2+
37.Nxc2 Qxd5 38.gxf5 gxf5 39.Kb2 Bd3 40.Qg1+ Kf7 41.Qe3 Bxc2 42.Kxc2 Rc5+
43.Kb2 f4 44.Qe2 Qd4+ 45.Ka2 Rc3 46.Rd1 Qb6 47.b4 Qa7 48.Qb2 Qc7 49.Kb1 Qc4
50.Rc1 Qd3+ 51.Ka2 Qd5+ 52.Ka1 Rb3 53.Rc7+ Kf6 54.Qc1 Rxf3 55.h4 Rd3 56.Qb2 f3
57.b5 Rd2 58.Rc2 f2  0-1

[Event "Tatry Open"]
[Site "Tatranske Zruby SVK"]
[Date "2000.10.09"]
[Round "3"]
[White "Vesselovsky,S"]
[Black "Strasil,P"]
[Result "1/2-1/2"]
[WhiteElo "2417"]
[BlackElo "2103"]

1.e4 c5 2.Ne2 Nc6 3.Nbc3 d6 4.d4 cxd4 5.Nxd4 Nf6 6.Bc4 g6 7.Nxc6 bxc6 8.e5 Ng4
9.exd6 Qxd6 10.Qxd6 exd6 11.O-O d5 12.Bb3 Be6 13.Ne2 Bc5 14.h3 Nf6 15.c3 Ne4
16.Nd4 Bd7 17.f3 Ng3 18.Re1+ Kd8 19.Be3 Bd6  1/2-1/2

[Event "Tatry Open"]
[Site "Tatranske Zruby SVK"]
[Date "2000.10.09"]
[Round "3"]
[White "Walek,M"]
[Black "Zacik,A"]
[Result "1-0"]
[WhiteElo "2314"]
[BlackElo "2140"]

1.e4 c5 2.Nf3 Nc6 3.Nc3 Nf6 4.d4 cxd4 5.Nxd4 e5 6.Ndb5 d6 7.Bg5 a6 8.Na3 b5
9.Bxf6 gxf6 10.Nd5 Bg7 11.Bd3 Ne7 12.Nxe7 Qxe7 13.O-O O-O 14.Qh5 f5 15.c4 Rb8
16.exf5 e4 17.Rae1 Bb7 18.f3 bxc4 19.Bxe4 d5 20.f6 Qc5+ 21.Kh1 h6 22.Qg4  1-0

[Event "Tatry Open"]
[Site "Tatranske Zruby SVK"]
[Date "2000.10.10"]
[Round "4"]
[White "Giertli,V"]
[Black "Furman,B"]
[Result "0-1"]
[WhiteElo "2118"]
[BlackElo "2261"]

1.e4 c5 2.Nf3 Nc6 3.Nc3 d6 4.d4 cxd4 5.Nxd4 Nf6 6.Be3 e5 7.Nf3 Be7 8.Be2 O-O
9.O-O h6 10.h3 Be6 11.Qc1 a6 12.Rd1 Rc8 13.a4 Qa5 14.Nd2 Nd4 15.Bd3 Nh5 16.Ne2 Rxc2
17.Qb1 Rcc8 18.Nxd4 exd4 19.Bxd4 Nf4 20.Bf1 Qh5 21.Ra3 d5 22.Rg3 Ng6 23.exd5 Qxd5
24.Nf3 Bf5 25.Bd3 Bxd3 26.Qxd3 Rfd8 27.Rg4 Rc4 28.Qe3 Bf6 29.Rd2 Qc6 30.b3 Rc1+
31.Kh2 Re8 32.Qd3 h5 33.Rxg6 fxg6 34.Qxg6 Bxd4 35.Qxc6 Rxc6 36.Rxd4 Rb6 37.b4 Re2
38.Kg3 Rb2 39.Ng5 g6 40.b5 axb5 41.axb5 R6xb5 42.h4 R5b4 43.Rd8+ Kg7 44.f3 Rc2
45.Rd7+ Kf6 46.Rd6+ Kf5 47.Rd5+ Kf6 48.Rd6+ Ke5 49.Rxg6 Rbb2 50.Kh3 Kf5 51.Rg8 Rxg2
52.Rf8+ Ke5 53.f4+ Kd4 54.Re8 Rge2 55.Nf3+ Kd5 56.Rh8 Ke4  0-1

[Event "Essent Open"]
[Site "Hoogeveen NED"]
[Date "2000.10.16"]
[Round "4"]
[White "Van Otten,G"]
[Black "Van Kooten,L"]
[Result "0-1"]
[WhiteElo "2226"]
[BlackElo "2292"]

1.e4 c5 2.Nc3 Nc6 3.Nge2 d6 4.d4 cxd4 5.Nxd4 Nf6 6.Bg5 e6 7.Qd2 a6 8.O-O-O h6
9.Be3 Bd7 10.f3 b5 11.Bd3 Nxd4 12.Bxd4 Qa5 13.Kb1 b4 14.Ne2 e5 15.Bf2 Be6
16.Nc1 Be7 17.g4 Nd7 18.h4 Nc5 19.g5 h5 20.Rhg1 g6 21.f4 Nxd3 22.Qxd3 exf4
23.Bd4 O-O 24.Rdf1 d5 25.Rxf4 dxe4 26.Qxe4 Rac8 27.Nb3 Qb5 28.Bf6 Bd6 29.Nd4 Qc5
30.Rff1 Bd5 31.Qe3 Rce8 32.Qd2 Re4 33.Nb3 Bxb3 34.axb3 Rxh4 35.Rd1 Bf4 36.Qd3 Rh2
37.Rge1 a5 38.Re2 Rxe2 39.Qxe2 Bxg5 40.Bd4 Qe7 41.Qg2 Rd8 42.c3 bxc3 43.bxc3 Bf6
44.Kb2 Bxd4 45.Rxd4 Rxd4 46.cxd4 Qe3 47.Qa8+ Kg7 48.Qd8 Qd2+ 49.Ka3 Qb4+
50.Ka2 a4 51.bxa4 Qxa4+ 52.Kb2 Qb5+ 53.Kc2 Qf5+ 54.Kd2 Qf4+ 55.Kd3 h4 56.Qa8 h3
57.Qh1 h2 58.Ke2 Qxd4 59.Qb7 Qa1 60.Qb6 h1=Q 61.Qd4+ Kh7  0-1

[Event "Essent Open"]
[Site "Hoogeveen NED"]
[Date "2000.10.19"]
[Round "7"]
[White "Hendriks,R"]
[Black "Gorecki,Z"]
[Result "1-0"]
[WhiteElo "2098"]
[BlackElo "2005"]

1.e4 c5 2.Nc3 Nc6 3.Nge2 e5 4.Nd5 Nce7 5.Nec3 Nxd5 6.Nxd5 Nf6 7.Bc4 Be7 8.d3 O-O
9.O-O d6 10.f4 Nxd5 11.Bxd5 exf4 12.Bxf4 Rb8 13.Qh5 Be6 14.Rf3 Bf6 15.Bxe6 fxe6
16.Raf1 Bxb2 17.Rh3 Bd4+ 18.Kh1 h6 19.Rhf3 Rf6 20.e5 Rf5 21.Qg4 Bxe5 22.Bxe5 Rxe5
23.Qg6 Kh8 24.h3 Qg5  1-0

[Event "TCh-SVK"]
[Site "SVK"]
[Date "2000.10.21"]
[Round "1"]
[White "Gazik,I"]
[Black "Salai,L"]
[Result "0-1"]
[WhiteElo "2372"]
[BlackElo "2424"]

1.e4 c5 2.Nf3 Nc6 3.Nc3 e5 4.Bc4 Be7 5.d3 Nf6 6.Bg5 O-O 7.O-O d6 8.a3 Bg4
9.h3 Bh5 10.Bxf6 Bxf6 11.g4 Bg6 12.Nd5 Bg5 13.c3 h5 14.b4 Bf4 15.Kg2 a6 16.a4 cxb4
17.cxb4 a5 18.b5 Nb4 19.Nxb4 axb4 20.Rb1 Qe7 21.Bd5 b3 22.Bxb3 Rfc8 23.Nd2 Rc3
24.Nc4 Qh4 25.Rh1 d5 26.Nb6 Rxd3 27.Qxd3 Bxe4+ 28.Qxe4 dxe4 29.Nxa8 e3 30.Rb2 exf2
31.Bd1 Qg3+ 32.Kf1 Be3 33.Ke2 Qg1 34.Kxe3 Qxh1 35.Rxf2 Qxd1 36.Rd2 Qxa4  0-1

[Event "Tch-AUT 2000-01"]
[Site "Maierhofen/Zillertal AUT"]
[Date "2000.10.22"]
[Round "2"]
[White "David,Alb"]
[Black "Nataf,IA"]
[Result "1/2-1/2"]
[WhiteElo "2521"]
[BlackElo "2552"]

1.e4 c5 2.Nf3 Nc6 3.Nc3 e5 4.Bc4 Be7 5.d3 d6 6.Nd2 Bg5 7.Nf1 Bxc1 8.Rxc1 Nh6
9.Ne3 O-O 10.O-O Kh8 11.f4 f5 12.exf5 Nxf5 13.Qd2 Nxe3 14.Qxe3 Bd7 15.fxe5 Nxe5
16.Rxf8+ Qxf8 17.Rf1 Qe8 18.Bd5 Bc6 19.Bxc6 Qxc6 20.Ne4 h6 21.c4  1/2-1/2

[Event "34th Olympiad"]
[Site "Istanbul TUR"]
[Date "2000.10.30"]
[Round "3"]
[White "Naes,F"]
[Black "Mynn Htoo"]
[Result "0-1"]
[WhiteElo "2271"]
[BlackElo "2479"]

1.e4 c5 2.Nf3 Nc6 3.Nc3 e5 4.g3 g6 5.Bg2 Bg7 6.d3 Nge7 7.Be3 d6 8.Qd2 Nd4
9.O-O Bh3 10.Bxd4 Bxg2 11.Bxe5 dxe5 12.Kxg2 O-O 13.Qe3 b6 14.a4 Nc6 15.Ng1 Nd4
16.Qd2 f5 17.Nge2 f4 18.f3 Ne6 19.g4 h5 20.h3 a5 21.Nd5 Kf7 22.c3 Rh8 23.Rh1 Qd6
24.b3 Rh6 25.Rac1 Rah8 26.d4 hxg4 27.hxg4 exd4 28.cxd4 cxd4 29.Rxh6 Rxh6
30.b4 Qd8 31.Rh1 Rxh1 32.Kxh1 g5 33.Qd3 Qd6 34.bxa5 bxa5 35.Qc4 Qc5 36.Qb3 Qc6
37.Nb6 d3 38.Ng1 d2 39.Nd5 Nd4 40.Qd1 Qc1  0-1

[Event "34th Olympiad"]
[Site "Istanbul TUR"]
[Date "2000.10.30"]
[Round "3"]
[White "Egger,J"]
[Black "Hakki,I"]
[Result "1/2-1/2"]
[WhiteElo "2433"]
[BlackElo "2429"]

1.e4 c5 2.Nc3 Nc6 3.Nge2 g6 4.d4 cxd4 5.Nxd4 Bg7 6.Be3 d6 7.Qd2 Nf6 8.f3 O-O
9.O-O-O d5 10.Nxc6 bxc6 11.Bh6 Qa5 12.Bxg7 Kxg7 13.e5 Ng8 14.Kb1 Rb8 15.b3 Rd8
16.f4 c5 17.h3 Be6 18.g4 c4 19.Ne2 Qb6 20.Nd4 a5 21.f5 Bd7 22.h4 a4 23.h5 axb3
24.cxb3 cxb3 25.axb3 Rdc8 26.hxg6 hxg6 27.Qh2 Rc3 28.Qb2 Rxb3 29.Qxb3 Qxb3+
30.Nxb3  1/2-1/2

[Event "34th Olympiad"]
[Site "Istanbul TUR"]
[Date "2000.10.30"]
[Round "3"]
[White "De la Riva Aguado,O"]
[Black "Moussa,A"]
[Result "1-0"]
[WhiteElo "2462"]
[BlackElo "2255"]

1.e4 c5 2.Nf3 Nc6 3.Nc3 Nf6 4.Bb5 d6 5.e5 Ng4 6.exd6 exd6 7.O-O Be7 8.d4 Bd7
9.Nd5 O-O 10.Nxe7+ Qxe7 11.Bg5 f6 12.Bc4+ Kh8 13.Re1 Qd8 14.Bf4 Bf5 15.h3 Nh6
16.Bxh6 gxh6 17.Bb3 Qd7 18.dxc5 dxc5 19.Qxd7 Bxd7 20.Rad1 Rad8 21.Rd5 b6
22.Ba4 Nb8 23.Red1 Rf7 24.Nh4 a6 25.Bb3 Rc8 26.c3 c4 27.Bc2 Re8 28.Rd6 b5
29.Bf5 Bc6 30.Kf1 Kg7 31.Be6 Rc7 32.R1d4 h5 33.Nf5+ Kg6 34.g4 h6 35.gxh5+ Kh7
36.Rg4 Bd7 37.Bxd7 Rd8 38.Rg7+ Kh8 39.Rxf6  1-0

[Event "34th Olympiad"]
[Site "Istanbul TUR"]
[Date "2000.10.30"]
[Round "3"]
[White "Fressinet,L"]
[Black "Van Beers,E"]
[Result "1/2-1/2"]
[WhiteElo "2536"]
[BlackElo "2346"]

1.e4 c5 2.Nc3 Nc6 3.Nf3 e5 4.Bc4 Be7 5.d3 d6 6.Nd2 Nf6 7.Nf1 Be6 8.Ne3 a6
9.a4 Nb4 10.O-O O-O 11.Qe2 Re8 12.Bd2 Qc7 13.f4 exf4 14.Rxf4 d5 15.exd5 Qxf4
16.dxe6 fxe6 17.Nf5 Qc7 18.Rf1 Kh8 19.Bf4 Qd8 20.Qxe6 Bf8 21.Qf7 Qd7 22.Qxd7 Nxd7
23.Ne4 h6 24.Bf7 Red8 25.Be6 Nxc2 26.Ned6 Bxd6 27.Nxd6 Nd4 28.Nf7+ Kh7 29.Nxd8 Rxd8
30.Bg4 Nf6 31.Bd1 Re8 32.Bd6 b6 33.Kf2 Re6 34.Bf4 Nd5 35.Bd2 Rf6+ 36.Kg1 Rxf1+
37.Kxf1 a5 38.Kf2 Kg6 39.Bg4 Kf6 40.Bc8 Nb4 41.Ke3 Ke5 42.Bc3 Nd5+ 43.Kd2 Kf4
44.g3+  1/2-1/2

[Event "4th OIBM"]
[Site "Bad Wiessee GER"]
[Date "2000.10.31"]
[Round "4"]
[White "Volokitin,A"]
[Black "Medunova,V"]
[Result "1-0"]
[WhiteElo "2447"]
[BlackElo "2209"]

1.e4 c5 2.Nf3 Nc6 3.Nc3 d6 4.d4 cxd4 5.Nxd4 e5 6.Nf5 Bxf5 7.exf5 Be7 8.Bc4 Nf6
9.Bg5 O-O 10.Bxf6 Bxf6 11.Bd5 Nd4 12.Be4 Qa5 13.O-O Bd8 14.Nd5 f6 15.c3 Nc6
16.a4 Be7 17.Qb3  1-0

[Event "34th Olympiad"]
[Site "Istanbul TUR"]
[Date "2000.10.31"]
[Round "4"]
[White "Ye Jiangchuan"]
[Black "Krasenkow,M"]
[Result "1/2-1/2"]
[WhiteElo "2670"]
[BlackElo "2702"]

1.e4 c5 2.Nf3 Nc6 3.Nc3 e5 4.Bc4 Be7 5.d3 d6 6.Nd2 Nf6 7.Nf1 Bg4 8.f3 Be6
9.Ne3 a6 10.O-O b5 11.Bd5 Rc8 12.a4 Qb6 13.axb5 axb5 14.Ne2 O-O 15.f4 c4
16.Kh1 Nb4 17.dxc4 bxc4 18.Nc3 exf4 19.Rxf4 Nd7 20.Nf5 Bxf5 21.exf5 Bf6 22.Rxc4 Bxc3
23.bxc3 Nxd5 24.Rxc8  1/2-1/2